000 00641nam a2200277Ia 4500
005 20260324133816.0
008 008 260324s9999 xx 000 0 eng d
020 _a9781351328166
037 _aEBOOK
040 _aCRL
040 _beng
040 _cCRL
041 _2eng
041 _aeng
084 _qCRL
100 _aVern Bengtson
_91194475
245 0 _aGlobal Aging and Challenges to Families
260 _bTaylor and Francis
260 _c2003
365 _a
365 _b170
856 _uhttp://www.taylorfrancis.com/books/9781351328166
942 _cEBOOK
999 _c1793902
_d1793902